000
00330nam a22001457a 4500
008
231012b ||||| |||| 00| 0 eng d
020
_a
9780750302098
041
_a
eng
080
_a
521
082
_a
521WHI
100
_a
19
101
_a
ASTRO
245
_a
DUST IN THE GALACTIC ENVIRONMENT
_c
WHITTET.B C D
942
_2
udc
_c
BK
999
_c
60443
_d
60443